Vliv prostředí na práci člověka /

Hlavní autor: Štikar, Jiří, 1934-2023
Jazyk: Čeština
Vydáno: Brno : Krajská rada ČSVTS, 1965
Témata:
Fyzický popis: S. 43-48.
Knihy
Uloženo v:
LEADER 00726nam a2200193 a 4500
001 000609973
003 CZ BrMZK
005 20040701085542.0
008 020710s1965 xr f cze d
040 |a BOA001  |b cze  |c BOA001 
100 1 |a Štikar, Jiří,  |d 1934-2023  |7 nlk19990074155  |4 aut 
245 1 0 |a Vliv prostředí na práci člověka /  |c Jiří Štikar 
260 |a Brno :  |b Krajská rada ČSVTS,  |c 1965 
300 |a S. 43-48. 
500 |a Separát z : Sborník Zkušenosti a úkoly psychologie práce ve výrobě 
910 |a BOA001  |b PK-0039.640 
964 |a Prostředí pracovní - vliv - požadavky - přehledy 
990 |a BK 
996 7 |b 3119657783  |c PK-0039.640  |l MZK  |r Sklad / do 1 hodiny  |n 15  |w 000609973  |u 000010  |a 1  |e BOA001  |j MZK50  |s A